000 00567nam a2200205Ia 4500
005 20250923144646.0
008 008 250917s9999 xx 000 0 eng d
037 _aTextual
040 _aDSWL
_beng
_cDSWL
041 _aeng
_2eng
084 _qDSWL
100 _aTocqueville, Alexis De
_9827097
245 0 _aAmerica Me Parjatantre, (Democracy in America)
_cby Alexis De Tocqueville
260 _aBombay
_bPaul Pub. Pvt. Ltd.
_c1958
300 _a414p.
365 _aINR
_b0.75
925 _g0.75
942 _cTEXL
999 _c1441728
_d1441728